000
00192 a2200097 4500
020
_a
9780794541620
041
_a
eng
100
_a
Mackinnon, Mairi
245
_a
The monster dinner
942
_c
BK
999
_c
31664
_d
31662